[Event "Jakarta EWS Cup"]
[Site "Jakarta"]
[Date "2007.05.16"]
[Round "3"]
[White "Lindiawati, Evi"]
[Black "Karlovich, Anastazia"]
[Result "1/2-1/2"]
[WhiteElo "2133"]
[BlackElo "2266"]
[PlyCount "64"]
[EventDate "2007.05.15"]
[EventType "tourn"]
[EventRounds "10"]
[EventCountry "INA"]
[EventCategory "1"]
[SourceTitle "CBM 118 Extra"]
[Source "ChessBase"]
[SourceDate "2007.07.04"]
[SourceVersion "1"]
[SourceVersionDate "2007.07.04"]
[SourceQuality "1"]

1. e4 e5 2. Nf3 Nc6 3. d4 exd4 4. Bc4 Bc5 5. Ng5 Nh6 6. Nxf7 Nxf7 7. Bxf7+ Kxf7 8. Qh5+ g6 9. Qxc5 d6 10. Qb5 Re8 11. 0-0 Kg7 12. f3 a6 13. Qd3 Qf6 14. c3 Bd7 15. Rd1 dxc3 16. Nxc3 Ne5 17. Qd4 Bc6 18. Nd5 Bxd5 19. Qxd5 Nc6 20. Qb3 Rab8 21. Bd2 Qf7 22. Bc3+ Kg8 23. Qc2 Re7 24. b3 Ne5 25. Bb2 Rf8 26. Rac1 Qf4 27. Rd5 Rff7 28. Qc3 g5 29. Rf1 Qf6 30. g3 b5 31. f4 gxf4 32. Rxf4 Qg6 1/2-1/2